Нормален изглед
MARC изглед
- Историческа политика
Вход 09. Предметна рубрика
001 - Контролен номер на записа
- Контролно поле: 402395
003 - Код на организацията, даваща контролен номер
- Контролно поле: BLK
005 - Дата и час на последна промяна на записа
- Контролно поле: 20200224151054.0
008 - Данни с фиксирана дължина – обща информация
- Данни с фиксирана дължина : 200224|| aca||babn | a|a d
150 ## - ТЕМАТИЧНА ПРЕДМЕТНА РУБРИКА
- Редна дума или Топографско име: Историческа политика
942 ## - Системна служебна употреба
- Koha auth type: TOPIC_TERM